Superconductivity by V L Ginzburg and E A Andryushin (Record no. 1211565)

MARC details
000 -LEADER
fixed length control field 01006nam a2200301Ia 4500
003 - CONTROL NUMBER IDENTIFIER
control field OSt
005 - DATE AND TIME OF LATEST TRANSACTION
control field 20221007123226.0
008 - FIXED-LENGTH DATA ELEMENTS--GENERAL INFORMATION
fixed length control field 221006b |||||||| |||| 00| 0 eng d
020 ## - INTERNATIONAL STANDARD BOOK NUMBER
International Standard Book Number 9810214596 (hbd)
-- 34.00
037 ## - SOURCE OF ACQUISITION
Terms of availability Textual
040 ## - CATALOGING SOURCE
Original cataloging agency PAPL
Transcribing agency PAPL
Language of cataloging eng
041 ## - LANGUAGE CODE
Source of code eng
Language code of text/sound track or separate title eng
100 ## - MAIN ENTRY--PERSONAL NAME
Personal name Ginzburg V L
9 (RLIN) 151112
245 #0 - TITLE STATEMENT
Title Superconductivity by V L Ginzburg and E A Andryushin
Remainder of title Andryushin E A
260 ## - PUBLICATION, DISTRIBUTION, ETC.
Place of publication, distribution, etc. Singapore
Name of publisher, distributor, etc. World Scientific
Date of publication, distribution, etc. 1994
300 ## - PHYSICAL DESCRIPTION
Extent 91p
Dimensions cm.
500 ## - GENERAL NOTE
General note ^mPurchase^n23/CSL/Carpa/95-96/2560^d1995-05-12; ; 95-96/75^b1995-05-24^cP/14^d1995-05-18^eNavayug Traders^f1995-05-24^hLPT; ; 1995-06-09^bSB
650 ## - SUBJECT ADDED ENTRY--TOPICAL TERM
Topical term or geographic name entry element Solids
9 (RLIN) 519377
650 ## - SUBJECT ADDED ENTRY--TOPICAL TERM
Topical term or geographic name entry element Superconductivity
9 (RLIN) 642647
650 ## - SUBJECT ADDED ENTRY--TOPICAL TERM
Topical term or geographic name entry element Physics
700 ## - ADDED ENTRY--PERSONAL NAME
Personal name Andryushin E A
9 (RLIN) 716916
942 ## - ADDED ENTRY ELEMENTS (KOHA)
Classification part C23, N4
Koha item type Textual
Source of classification or shelving scheme Colon Classification (CC)
Holdings
Withdrawn status Lost status Source of classification or shelving scheme Damaged status Not for loan Home library Current library Date acquired Source of acquisition Total Checkouts Full call number Barcode Date last seen Price effective from Koha item type
    Colon Classification (CC)     Department of Physics and Astrophysics Library Department of Physics and Astrophysics Library 2022-10-07 Navayug,   C23 N4 PA0005099 2022-10-07 2022-10-07 Textual
Copyright @ Delhi University Library System